Деловой этикет в библиотеке (Запись № 13001798)

Подробности
000 -МАРКЕР
контрольное поле 01878nam0a2200337 4500
001 - ИДЕНТИФИКАТОР ЗАПИСИ
контрольное поле RU\NLR\BIBL_A\016310756
005 - ИДЕНТИФИКАТОР ВЕРСИИ
контрольное поле 20230526110931.0
021 ## - НОМЕР ГОСУДАРСТВЕННОЙ РЕГИСТРАЦИИ
Код страны Российская Федерация
Номер КН-П-23-006010
Номер Листа государственной регистраци КН-П-23-0584
035 ## - ДРУГИЕ СИСТЕМНЫЕ НОМЕРА
Идентификатор записи (NLR Aleph) 016310756
035 ## - ДРУГИЕ СИСТЕМНЫЕ НОМЕРА
Идентификатор записи (RuMoRGB)011567733
100 ## - ДАННЫЕ ОБЩЕЙ ОБРАБОТКИ
Данные общей обработки 20230315d2022 u y0rusy50 ca
101 0# - ЯЗЫК РЕСУРСА
Язык текста, звукозаписи и т.д. русский
102 ## - СТРАНА ПУБЛИКАЦИИ ИЛИ ПРОИЗВОДСТВА
Страна публикации Российская Федерация
105 ## - ПОЛЕ КОДИРОВАННЫХ ДАННЫХ: ТЕКСТОВЫЕ МАТЕРИАЛЫ, МОНОГРАФИЧЕСКИЕ
Кодированные данные о монографическом текстовом документе a|||j|||000zy
181 #0 - ПОЛЕ КОДИРОВАННЫХ ДАННЫХ: ВИД СОДЕРЖАНИЯ
Код вида содержания (ISBD) i
Код характеристики содержания (ISBD) axxe
182 #0 - ПОЛЕ КОДИРОВАННЫХ ДАННЫХ: ТИП СРЕДСТВА
Код типа средства (ISBD) n - непосредственное
200 1# - ЗАГЛАВИЕ И СВЕДЕНИЯ ОБ ОТВЕТСТВЕННОСТИ
Основное заглавие Деловой этикет в библиотеке
Сведения, относящиеся к заглавию методические рекомендации для обучающихся по направлению подготовки 51.04.06 "Библиотечно-информационная деятельность", профиль подготовки "Теория и методология библиотечно-педагогической деятельности"
Первые сведения об ответственности С. А. Езова
Последующие сведения об ответственности ФГБОУ ВО "Восточно-Сибирский государственный институт культуры
203 ## - ВИД СОДЕРЖАНИЯ И ТИП СРЕДСТВА
Вид содержания Текст
Дополнительные сведения об издании визуальный
Тип средства непосредственный
210 ## - ПУБЛИКАЦИЯ, РАСПРОСТРАНЕНИЕ И ДР.
Место издания, распространения и т.д. Улан-Удэ
Имя издателя, распространителя и т. д. Издательско-полиграфический комплекс фГБОУ ВО ВСГИК
Дата издания, распространения и т.д. 2022
215 ## - ФИЗИЧЕСКАЯ ХАРАКТЕРИСТИКА
Специфическое обозначение материала и объем 39 с.
Другие сведения о физической характеристике табл.
Размеры 20
320 ## - ПРИМЕЧАНИЯ О НАЛИЧИИ В ДОКУМЕНТЕ БИБЛИОГРАФИИ / УКАЗАТЕЛЯ
Текст примечания Библиогр.: с. 17-21, 39 и в подстроч. примеч.
606 1# - НАИМЕНОВАНИЕ ТЕМЫ КАК ПРЕДМЕТ
Наименование темы Библиотекари
Формальный подзаголовок Методические пособия
Тематический подзаголовок Профессиональная этика
Системный номер авторитетной/нормативной записи 2185126
Идентификатор авторитетной/нормативной записи RU\NLR\AUTH\661313793
686 1# - ИНДЕКСЫ ДРУГИХ КЛАССИФИКАЦИЙ
Индекс Ч73п я73
686 1# - ИНДЕКСЫ ДРУГИХ КЛАССИФИКАЦИЙ
Индекс С550.567я73
700 #1 - ИМЯ ЛИЦА - ПЕРВИЧНАЯ ОТВЕТСТВЕННОСТЬ
Графика поля Кириллица
Материалы, к которым относится поле rus
Начальный элемент ввода Езова
Часть имени, кроме начального элемента ввода С. А.
Даты 1943-
Расширение инициалов личного имени Светлана Андреевна
Системный номер авторитетной/нормативной записи 14061
Идентификатор авторитетной/нормативной записи RU\NLR\AUTH\7731047
942 ## - ДОПОЛНИТЕЛЬНЫЕ ЭЛЕМЕНТЫ ЗАПИСИ (АБИС)
Тип экземпляра АБИС Книга
980 ## - КОЛЛЕКЦИЯ
Название коллекции Национальная библиография
Экземпляры
Тип экземпляра Дата поступления Источник поступления Библиотека постоянного хранения Библиотека текущего хранения Место хранения Шифр хранения Штрих-код Статус экземпляра
Книга 15.03.2023 Обязательный экземпляр РНБ (Садовая) РНБ (Садовая) Фонд литературы по библиотековедению Б 4210/Е-43 1-4137901  
Книга 15.03.2023 Обязательный экземпляр РНБ (Садовая) РНБ (Садовая) Фонд литературы по библиотековедению Б 4210/Е-43 1-4137902